[Event "2. BUNDESLIGA MITTE 2014/2015"]
[Site "St. Veit"]
[Date "2015.02.27"]
[Round "6"]
[Board "3"]
[White "Enoeckl, Philipp"]
[Black "Detter, Peter"]
[Result "1-0"]
[WhiteElo "2349"]
[BlackElo "2040"]
[PlyCount "65"]
[EventDate "2014.10.03"]
[EventType "team"]
[EventRounds "11"]
[EventCountry "AUT"]
[WhiteTeam "SV Steyregg"]
[BlackTeam "Strassenbahn Graz"]

1. d4 d5 2. c4 e6 3. Nf3 Nf6 4. Bg5 c5 5. Nc3 cxd4 6. Nxd4 e5 7. Ndb5 d4 8.
Bxf6 gxf6 9. Nd5 Na6 10. Qa4 Bd7 11. g3 Rc8 12. Bg2 Nc5 13. Qxa7 Bxb5 14. cxb5
e4 15. Nb6 Rc7 16. O-O f5 17. Qa8 Ne6 18. Rac1 Bh6 19. Rxc7 Nxc7 20. Qxb7 O-O
21. Qc6 Ne6 22. Nd7 Re8 23. Nf6+ Qxf6 24. Qxe8+ Kg7 25. b6 Nc5 26. Qb5 Nb7 27.
a4 Bd2 28. b4 Nd6 29. Qc6 e3 30. fxe3 Qe5 31. b7 Bxe3+ 32. Kh1 Ne4 33. Bxe4 1-0

[Event "2. BUNDESLIGA MITTE 2014/2015"]
[Site "St. Veit"]
[Date "2015.02.27"]
[Round "6"]
[Board "4"]
[White "Teuschler, Hugo"]
[Black "Kirschner, Alexander"]
[Result "1/2-1/2"]
[WhiteElo "2043"]
[BlackElo "2224"]
[PlyCount "69"]
[EventDate "2014.10.03"]
[EventType "team"]
[EventRounds "11"]
[EventCountry "AUT"]
[WhiteTeam "Strassenbahn Graz"]
[BlackTeam "SV Steyregg"]

1. e4 e6 2. d4 d5 3. Nd2 Be7 4. Ngf3 Nf6 5. e5 Nfd7 6. Bd3 c5 7. c3 Nc6 8. O-O
g5 9. Qe2 g4 10. Ne1 h5 11. Qe3 Qb6 12. Nc2 Nf8 13. Kh1 Bd7 14. b3 O-O-O 15.
Rb1 Kb8 16. Bb2 Ng6 17. f4 cxd4 18. cxd4 Bf8 19. b4 Rc8 20. a3 Nce7 21. Nb3 Nh4
22. Nc5 Qd8 23. Qe2 Nhf5 24. Ne3 Nxe3 25. Qxe3 Bh6 26. Qe2 Ng6 27. Bb5 Bc6 28.
Bxc6 Rxc6 29. Qb5 Qe7 30. f5 Nh4 31. fxe6 fxe6 32. Bc1 Nf5 33. Bxh6 Rxh6 34.
Rfc1 Rh8 35. Nb3 1/2-1/2

[Event "2. BUNDESLIGA MITTE 2014/2015"]
[Site "St. Veit"]
[Date "2015.02.27"]
[Round "6"]
[Board "5"]
[White "Wiesinger, Robert"]
[Black "Kainz, Josef"]
[Result "1-0"]
[WhiteElo "2191"]
[BlackElo "1943"]
[PlyCount "131"]
[EventDate "2014.10.03"]
[EventType "team"]
[EventRounds "11"]
[EventCountry "AUT"]
[WhiteTeam "SV Steyregg"]
[BlackTeam "Strassenbahn Graz"]

1. e4 c5 2. Nf3 Nc6 3. Bb5 g6 4. Bxc6 dxc6 5. d3 Bg7 6. h3 Nf6 7. Nc3 O-O 8.
Be3 b6 9. Qd2 Re8 10. Bh6 e5 11. O-O-O a5 12. g4 a4 13. Ne2 Qd6 14. Bxg7 Kxg7
15. Ng3 Be6 16. Nh4 Kh8 17. Kb1 c4 18. Qc3 Qd4 19. Qxd4 exd4 20. dxc4 c5 21. b3
Ra7 22. Nf3 Rea8 23. Rd2 Kg7 24. Ne5 Nd7 25. Nd3 axb3 26. cxb3 Ra3 27. Rc1 f6
28. Ne2 Ne5 29. Nef4 Bf7 30. Nxe5 fxe5 31. Nd3 Re8 32. g5 h6 33. h4 Re7 34. Rg1
h5 35. Rf1 Be8 36. f4 Bc6 37. f5 gxf5 38. exf5 Re8 39. Re2 e4 40. Nf4 e3 41.
Nxh5+ Kf8 42. f6 Ra7 43. Nf4 Be4+ 44. Kb2 Bf5 45. Rd1 Rea8 46. a4 Bg4 47. g6
Rd7 48. Kc2 Re8 49. h5 Bxe2 50. Nxe2 Re6 51. f7 Rf6 52. Kd3 Kg7 53. Rg1 Rd8 54.
h6+ Kxh6 55. g7 Rxf7 56. g8=Q Rxg8 57. Rxg8 Rf1 58. Rg1 Rf2 59. Rg4 Rf1 60. Rg1
Rf2 61. a5 bxa5 62. Ra1 Kg7 63. Rxa5 Rf1 64. Rxc5 Rd1+ 65. Ke4 Rd2 66. Nxd4 1-0

[Event "2. BUNDESLIGA MITTE 2014/2015"]
[Site "St. Veit"]
[Date "2015.02.27"]
[Round "6"]
[Board "6"]
[White "Fabian, Franz"]
[Black "Leichtfried, Hans-Martin"]
[Result "0-1"]
[WhiteElo "1888"]
[BlackElo "2096"]
[PlyCount "64"]
[EventDate "2014.10.03"]
[EventType "team"]
[EventRounds "11"]
[EventCountry "AUT"]
[WhiteTeam "Strassenbahn Graz"]
[BlackTeam "SV Steyregg"]

1. d4 d5 2. c4 c6 3. e3 Nf6 4. Nf3 e6 5. Be2 Nbd7 6. O-O dxc4 7. a4 Be7 8. Bxc4
O-O 9. Qc2 b6 10. b3 Bb7 11. Bb2 Rc8 12. Qe2 c5 13. Rd1 cxd4 14. Bxd4 Bb4 15.
Nc3 Qe7 16. Rd3 e5 17. Na2 exd4 18. Nxb4 Qxb4 19. Rxd4 Qe7 20. Rh4 Ne5 21. Nd4
Nxc4 22. bxc4 Rfe8 23. a5 Ba6 24. Qf3 Rxc4 25. Qg3 Qe5 26. axb6 axb6 27. f4 Qc5
28. Rxa6 Rc1+ 29. Kf2 Qc4 30. Ne2 Ne4+ 31. Kf3 Nxg3 32. hxg3 Rf1+ 0-1

[Event "2. BUNDESLIGA MITTE 2014/2015"]
[Site "St. Veit"]
[Date "2015.02.27"]
[Round "6"]
[Board "1"]
[White "Schmidt, Peter"]
[Black "Huber, Martin Christian"]
[Result "1-0"]
[WhiteElo "2388"]
[BlackElo "2241"]
[PlyCount "57"]
[EventDate "2014.10.03"]
[EventType "team"]
[EventRounds "11"]
[EventCountry "AUT"]
[WhiteTeam "Spg. Sauwald"]
[BlackTeam "Schachfreunde Graz"]

1. Nf3 d5 2. g3 g6 3. Bg2 Bg7 4. O-O Nf6 5. d3 O-O 6. Nbd2 d4 7. a4 a5 8. Nc4
Nc6 9. e3 dxe3 10. Bxe3 Be6 11. Qc1 Re8 12. Bh6 Bh8 13. Qf4 Nb4 14. Rae1 Bd5
15. Re2 Nc6 16. c3 Nh5 17. Qd2 e5 18. Rfe1 Bxc4 19. dxc4 Qe7 20. Ng5 Nd8 21. f4
Qc5+ 22. Kh1 Ne6 23. Nxe6 Rxe6 24. Bxb7 Rae8 25. Bd5 R6e7 26. Bg5 Rd7 27. fxe5
Ng7 28. Qd4 Qf8 29. Qg4 1-0

[Event "2. BUNDESLIGA MITTE 2014/2015"]
[Site "St. Veit"]
[Date "2015.02.27"]
[Round "6"]
[Board "2"]
[White "Schnider, Gert"]
[Black "Renner, Christoph"]
[Result "0-1"]
[WhiteElo "2338"]
[BlackElo "2351"]
[PlyCount "64"]
[EventDate "2014.10.03"]
[EventType "team"]
[EventRounds "11"]
[EventCountry "AUT"]
[WhiteTeam "Schachfreunde Graz"]
[BlackTeam "Spg. Sauwald"]

1. e4 e6 2. d4 d5 3. Nd2 Nc6 4. Ngf3 Nf6 5. e5 Nd7 6. Bd3 f6 7. Ng5 Ndxe5 8.
dxe5 fxg5 9. Qh5+ g6 10. Bxg6+ Kd7 11. c4 Nxe5 12. Bc2 c6 13. O-O Bd6 14. Nb3
Nxc4 15. Bxg5 Qe8 16. Qh4 Qf7 17. Nd4 Kc7 18. Rae1 Bd7 19. b3 Na3 20. Bd1 e5
21. Bh5 Qf8 22. Nf3 e4 23. Nd2 Rg8 24. Re2 Qg7 25. f4 Raf8 26. Qe1 h6 27. Bh4
Nc2 28. Qd1 Nd4 29. Bg3 Rf5 30. Re3 Rxh5 31. Qxh5 Bg4 32. Qh4 Nf5 0-1

[Event "2. BUNDESLIGA MITTE 2014/2015"]
[Site "St. Veit"]
[Date "2015.02.27"]
[Round "6"]
[Board "3"]
[White "Hiermann, Dietmar"]
[Black "Kravanja, Georg"]
[Result "0-1"]
[WhiteElo "2290"]
[BlackElo "2221"]
[PlyCount "80"]
[EventDate "2014.10.03"]
[EventType "team"]
[EventRounds "11"]
[EventCountry "AUT"]
[WhiteTeam "Spg. Sauwald"]
[BlackTeam "Schachfreunde Graz"]

1. e4 c6 2. d4 d5 3. exd5 cxd5 4. Bd3 Nc6 5. c3 Qc7 6. Bg5 Nf6 7. Nd2 Bg4 8.
Ngf3 e6 9. Bh4 Bd6 10. Bg3 O-O 11. Bxd6 Qxd6 12. h3 Bh5 13. O-O Rab8 14. Qe2
Rfc8 15. Rfe1 a6 16. Qe3 Bg6 17. Ne5 Bxd3 18. Qxd3 Na5 19. Re2 b5 20. b4 Nc4
21. Ndxc4 dxc4 22. Qf3 Qd5 23. Qf4 a5 24. a3 axb4 25. axb4 Ra8 26. Rae1 Ra7 27.
Re3 Rca8 28. Rf3 Ra1 29. Rxa1 Rxa1+ 30. Kh2 Ra7 31. Nxc4 Qd8 32. Ne5 Rc7 33.
Qh4 Qe7 34. Ng4 Qd6+ 35. Rg3 Nd5 36. Qg5 f6 37. Qd2 h5 38. Ne5 fxe5 39. Qg5
exd4 40. Qxh5 Nf6 0-1

[Event "2. BUNDESLIGA MITTE 2014/2015"]
[Site "St. Veit"]
[Date "2015.02.27"]
[Round "6"]
[Board "4"]
[White "Domarkaite, Laima"]
[Black "Testor, Sebastian"]
[Result "1/2-1/2"]
[WhiteElo "2129"]
[BlackElo "2286"]
[PlyCount "88"]
[EventDate "2014.10.03"]
[EventType "team"]
[EventRounds "11"]
[EventCountry "AUT"]
[WhiteTeam "Schachfreunde Graz"]
[BlackTeam "Spg. Sauwald"]

1. e4 e6 2. d4 d5 3. Nd2 Be7 4. c3 c5 5. dxc5 Bxc5 6. Nb3 Bb6 7. exd5 exd5 8.
Nf3 Ne7 9. Be2 O-O 10. O-O Nbc6 11. Nfd4 Ng6 12. Be3 Re8 13. Re1 Nce5 14. Nc2
Bc7 15. Nd2 Qd6 16. Nf1 Bd7 17. b3 Rad8 18. Nd4 a6 19. Rc1 h6 20. Rc2 Bc8 21.
Rd2 Qf6 22. g3 Nf8 23. f4 Nc6 24. Bf3 Ne6 25. Ne2 d4 26. Nxd4 Nexd4 27. Bxd4
Rxe1 28. Qxe1 Nxd4 29. cxd4 Bb6 30. Kg2 Bxd4 31. Qe4 Ba7 32. Re2 Qd4 33. Qxd4
Bxd4 34. Rc2 Bb6 35. Be4 Kf8 36. Nd2 Ba7 37. f5 b5 38. Nf3 Bb8 39. Nd4 Re8 40.
Kf3 Be5 41. Nc6 Bd6 42. Na7 Bd7 43. Rd2 Ke7 44. Nc6+ Bxc6 1/2-1/2

[Event "2. BUNDESLIGA MITTE 2014/2015"]
[Site "St. Veit"]
[Date "2015.02.27"]
[Round "6"]
[Board "5"]
[White "Hellmayr, Alois"]
[Black "Kastner, Walter"]
[Result "1/2-1/2"]
[WhiteElo "2237"]
[BlackElo "2230"]
[PlyCount "84"]
[EventDate "2014.10.03"]
[EventType "team"]
[EventRounds "11"]
[EventCountry "AUT"]
[WhiteTeam "Spg. Sauwald"]
[BlackTeam "Schachfreunde Graz"]

1. Nf3 d5 2. b3 Nf6 3. Bb2 e6 4. e3 Be7 5. d4 O-O 6. Nbd2 b6 7. c4 Bb7 8. Bd3
c5 9. O-O Nc6 10. Rc1 cxd4 11. Nxd4 Nxd4 12. Bxd4 Rc8 13. Qe2 Ba3 14. Rc2 Qe7
15. cxd5 Rxc2 16. Bxc2 Nxd5 17. Rd1 Rc8 18. Nc4 Bc5 19. Bxc5 Qxc5 20. Qd3 g6
21. Bb1 Ba6 22. e4 Bxc4 23. bxc4 Nf4 24. Qf3 e5 25. g3 Ne6 26. Rd7 Qf8 27. Bc2
Nd4 28. Qd3 Qb4 29. Bb3 Qc5 30. Rxa7 Rc6 31. Qe3 Kg7 32. Rd7 Rf6 33. Rd5 Qe7
34. f4 Nc6 35. Ba4 Na5 36. fxe5 Re6 37. Qd4 Qb4 38. Bd7 Qe1+ 39. Kg2 Qe2+ 40.
Kg1 Qe1+ 41. Kg2 Qe2+ 42. Kg1 Qe1+ 1/2-1/2

[Event "2. BUNDESLIGA MITTE 2014/2015"]
[Site "St. Veit"]
[Date "2015.02.27"]
[Round "6"]
[Board "6"]
[White "Pretterhofer, Kiaras"]
[Black "Taggatz, Mario"]
[Result "0-1"]
[WhiteElo "1992"]
[BlackElo "2193"]
[PlyCount "92"]
[EventDate "2014.10.03"]
[EventType "team"]
[EventRounds "11"]
[EventCountry "AUT"]
[WhiteTeam "Schachfreunde Graz"]
[BlackTeam "Spg. Sauwald"]

1. Nf3 d5 2. c4 dxc4 3. Qa4+ Nd7 4. g3 a6 5. Qxc4 e6 6. Bg2 b5 7. Qc2 Bb7 8.
O-O c5 9. b3 Ngf6 10. Bb2 Be7 11. d3 O-O 12. Nbd2 Qb6 13. Rac1 Rac8 14. Rfd1
Nd5 15. Ne4 Rfd8 16. Qb1 N7f6 17. Ne5 Nxe4 18. Bxe4 f6 19. Nf3 Nb4 20. d4 Bxe4
21. Qxe4 Nxa2 22. Rc2 Nb4 23. Rcd2 c4 24. bxc4 bxc4 25. Bc3 Nd5 26. Rc2 Qc6 27.
Qg4 Bb4 28. Bxb4 Nxb4 29. Rc3 Nd5 30. Rc2 c3 31. Rdc1 f5 32. Qh4 Qe8 33. e4
fxe4 34. Qxe4 Qg6 35. Qe2 Qf5 36. Nh4 Qf6 37. Nf3 a5 38. Ne5 a4 39. Ra2 Ra8 40.
Ng4 Qg6 41. Ne5 Qf6 42. Qb5 a3 43. Qb3 Qf8 44. Nc6 Rdc8 45. Qb7 Rc7 46. Qb5 Qe8
 0-1

[Event "2. BUNDESLIGA MITTE 2014/2015"]
[Site "St. Veit"]
[Date "2015.02.27"]
[Round "6"]
[Board "1"]
[White "Hajnal, Zoltan"]
[Black "Schachinger, Mario"]
[Result "1-0"]
[WhiteElo "2350"]
[BlackElo "2414"]
[PlyCount "163"]
[EventDate "2014.10.03"]
[EventType "team"]
[EventRounds "11"]
[EventCountry "AUT"]
[WhiteTeam "ASK St. Valentin"]
[BlackTeam "SC MPOE Maria Saal II"]

1. e4 e5 2. Nf3 Nc6 3. Bc4 Nf6 4. Ng5 d5 5. exd5 Na5 6. Bb5+ c6 7. dxc6 bxc6 8.
Qf3 Be7 9. Bxc6+ Nxc6 10. Qxc6+ Bd7 11. Qf3 O-O 12. d3 Ng4 13. Nh3 Rc8 14. Nc3
f5 15. O-O Bc6 16. Qe2 Qe8 17. f3 Bc5+ 18. Kh1 Qh5 19. Bd2 Bd4 20. fxg4 Qxh3
21. gxf5 Qh4 22. Be3 Rfe8 23. Rae1 Rb8 24. Bxd4 exd4 25. Ne4 Bxe4 26. dxe4 Rxb2
27. Qc4+ Kh8 28. e5 Rbb8 29. g3 Qd8 30. Rf4 Qa5 31. Rfe4 Rbc8 32. Qxd4 Rxc2 33.
Qa4 Qxa4 34. Rxa4 Rd8 35. e6 Rdd2 36. Rh4 Rc8 37. Rc4 Re8 38. Rec1 Kg8 39. Rc8
Kf8 40. Rxe8+ Kxe8 41. Rc8+ Ke7 42. Rc7+ Kf6 43. Rf7+ Kg5 44. Rxg7+ Kxf5 45. e7
Re2 46. Rxh7 a6 47. Rh6 Rxe7 48. Rxa6 Re2 49. Ra4 Kg5 50. Kg1 Rd2 51. a3 Ra2
52. Rf4 Rxa3 53. Kg2 Ra2+ 54. Rf2 Ra4 55. Rb2 Kg4 56. h3+ Kf5 57. Rb5+ Kg6 58.
h4 Rc4 59. Kh3 Ra4 60. Rb6+ Kf5 61. h5 Ra1 62. Rb5+ Kf6 63. Kh4 Rh1+ 64. Kg4
Ra1 65. Rb6+ Kg7 66. Kh4 Ra7 67. g4 Kh7 68. h6 Ra1 69. Kh5 Rh1+ 70. Kg5 Ra1 71.
Rb7+ Kg8 72. Kh5 Ra2 73. g5 Ra5 74. Re7 Rb5 75. Kg6 Rb6+ 76. Kf5 Rb5+ 77. Kf6
Rb8 78. g6 Ra8 79. Rf7 Rb8 80. Kg5 Rb5+ 81. Rf5 Rb8 82. h7+ 1-0

[Event "2. BUNDESLIGA MITTE 2014/2015"]
[Site "St. Veit"]
[Date "2015.02.27"]
[Round "6"]
[Board "2"]
[White "Tratar, Marko"]
[Black "Sandhoefner, Florian"]
[Result "0-1"]
[WhiteElo "2471"]
[BlackElo "2336"]
[PlyCount "84"]
[EventDate "2014.10.03"]
[EventType "team"]
[EventRounds "11"]
[EventCountry "AUT"]
[WhiteTeam "SC MPOE Maria Saal II"]
[BlackTeam "ASK St. Valentin"]

1. d4 d5 2. Nf3 Nf6 3. c4 e6 4. g3 Bb4+ 5. Bd2 Be7 6. Bg2 O-O 7. O-O c6 8. Qb3
b6 9. Nc3 Bb7 10. Rfd1 Nbd7 11. cxd5 exd5 12. Bf4 Nh5 13. Be5 f6 14. Bf4 Nxf4
15. gxf4 Kh8 16. e3 Bd6 17. Ne2 Qc7 18. Ng3 Rfe8 19. Rac1 Rac8 20. h4 c5 21. h5
c4 22. Qc2 b5 23. Bh3 Rcd8 24. Nh4 Nf8 25. Kh2 Bc8 26. Rg1 Bxh3 27. Kxh3 Rd7
28. Qf5 Be7 29. Qg4 Bd8 30. Ngf5 b4 31. Rg3 c3 32. bxc3 bxc3 33. Rcg1 Ne6 34.
Ng6+ Kg8 35. Nh6+ gxh6 36. Ne5+ Kf8 37. Nxd7+ Qxd7 38. Qg8+ Ke7 39. Qxh7+ Kd6
40. Qf5 Nxf4+ 41. Kg4 Qxf5+ 42. Kxf5 Ne2 0-1

[Event "2. BUNDESLIGA MITTE 2014/2015"]
[Site "St. Veit"]
[Date "2015.02.27"]
[Round "6"]
[Board "3"]
[White "Kranzl, Peter"]
[Black "Vojinovic, Jovana"]
[Result "1/2-1/2"]
[WhiteElo "2215"]
[BlackElo "2281"]
[PlyCount "86"]
[EventDate "2014.10.03"]
[EventType "team"]
[EventRounds "11"]
[EventCountry "AUT"]
[WhiteTeam "ASK St. Valentin"]
[BlackTeam "SC MPOE Maria Saal II"]

1. e4 e6 2. d4 d5 3. Nd2 dxe4 4. Nxe4 Nf6 5. Nxf6+ gxf6 6. Nf3 Nc6 7. Bb5 Qd6
8. c3 Bd7 9. Be3 O-O-O 10. Qe2 Rg8 11. Rg1 Ne7 12. Bxd7+ Qxd7 13. O-O-O Nd5 14.
Bd2 Qa4 15. Kb1 Rd6 16. c4 Nb4 17. Bxb4 Qxb4 18. g4 Qa5 19. Qd2 Qxd2 20. Rxd2
Bh6 21. Re2 c5 22. Re4 f5 23. gxf5 Rxg1+ 24. Nxg1 exf5 25. Rh4 cxd4 26. f4 d3
27. Nf3 Bf8 28. Kc1 h6 29. Kd2 b5 30. c5 Ra6 31. a3 Bxc5 32. Kxd3 Re6 33. Ne5
f6 34. Ng6 Re3+ 35. Kd2 Bd4 36. Rxh6 Rf3 37. Rh7 Bxb2 38. Rxa7 Bxa3 39. h4 Bd6
40. h5 Rh3 41. Ne7+ Bxe7 42. Rxe7 Rxh5 43. Re6 Rh4 {and draw at move 71!}
 1/2-1/2

[Event "2. BUNDESLIGA MITTE 2014/2015"]
[Site "St. Veit"]
[Date "2015.02.27"]
[Round "6"]
[Board "4"]
[White "Halvax, Georg"]
[Black "Theuretzbacher, Klaus"]
[Result "1-0"]
[WhiteElo "2360"]
[BlackElo "2240"]
[PlyCount "95"]
[EventDate "2014.10.03"]
[EventType "team"]
[EventRounds "11"]
[EventCountry "AUT"]
[WhiteTeam "SC MPOE Maria Saal II"]
[BlackTeam "ASK St. Valentin"]

1. e4 d5 2. exd5 Qxd5 3. Nc3 Qd8 4. Bc4 Nf6 5. d3 e6 6. Bg5 Be7 7. Qd2 Nbd7 8.
Nf3 a6 9. h4 b5 10. Bb3 c5 11. a4 b4 12. Ne2 Qc7 13. Rh3 Bd6 14. Kf1 Bb7 15.
Re1 Nd5 16. Bxd5 Bxd5 17. Nf4 O-O 18. Bh6 gxh6 19. Rg3+ Kh8 20. Nxd5 exd5 21.
Qxh6 Rg8 22. Rxg8+ Rxg8 23. Ng5 Rxg5 24. Qxg5 Nf8 25. Qxd5 Ne6 26. Qa8+ Kg7 27.
Qxa6 Be5 28. Re4 h5 29. Qa8 Bd4 30. g3 Qd7 31. a5 b3 32. cxb3 Bxb2 33. a6 Qxd3+
34. Kg2 Nc7 35. Qc6 Nxa6 36. Ra4 Nb4 37. Qxc5 Nd5 38. Qc4 Qd2 39. Qe4 Nf6 40.
Qf4 Qd5+ 41. Qf3 Qb5 42. Rf4 Qb6 43. Rf5 Bc1 44. Qc3 Bh6 45. Rxh5 Kg6 46. Qd3+
Kg7 47. Rf5 Ng4 48. Qf3 1-0

[Event "2. BUNDESLIGA MITTE 2014/2015"]
[Site "St. Veit"]
[Date "2015.02.27"]
[Round "6"]
[Board "5"]
[White "Tober, Gerhard"]
[Black "Tomazini, Zan"]
[Result "0-1"]
[WhiteElo "2229"]
[BlackElo "2392"]
[PlyCount "94"]
[EventDate "2014.10.03"]
[EventType "team"]
[EventRounds "11"]
[EventCountry "AUT"]
[WhiteTeam "ASK St. Valentin"]
[BlackTeam "SC MPOE Maria Saal II"]

1. e4 e5 2. Nc3 Nc6 3. Nf3 Nf6 4. d4 exd4 5. Nxd4 Bb4 6. Nxc6 bxc6 7. Bd3 d6 8.
O-O Ng4 9. Qf3 Qh4 10. Qg3 Qxg3 11. hxg3 Bd7 12. Bd2 h5 13. Rad1 Bc5 14. Na4
Bd4 15. c3 Bf6 16. f3 Ne5 17. Be2 c5 18. b3 Bxa4 19. bxa4 Rb8 20. f4 Ng4 21.
Rb1 O-O 22. Rb3 Rfe8 23. Rfb1 Rb6 24. a5 Rxb3 25. Rxb3 Bd8 26. Bf3 c6 27. c4
Bf6 28. Rb7 Bd4+ 29. Kf1 Nh2+ 30. Ke2 d5 31. Kd3 Nxf3 32. gxf3 Bf2 33. exd5
cxd5 34. g4 h4 35. cxd5 h3 36. Rb1 h2 37. Rh1 Bg3 38. d6 Rd8 39. f5 Rxd6+ 40.
Ke2 Rd4 41. Be3 Ra4 42. f4 Bxf4 43. Bxc5 Rxa5 44. Kf3 Be5 45. Be3 Rxa2 46. g5
a5 47. g6 Ra1 0-1

[Event "2. BUNDESLIGA MITTE 2014/2015"]
[Site "St. Veit"]
[Date "2015.02.27"]
[Round "6"]
[Board "1"]
[White "Burlacu, Bogdan"]
[Black "Kovacs, Gabor"]
[Result "0-1"]
[WhiteElo "2309"]
[BlackElo "2482"]
[PlyCount "82"]
[EventDate "2014.10.03"]
[EventType "team"]
[EventRounds "11"]
[EventCountry "AUT"]
[WhiteTeam "Union Hartkirchen - Sektion Schach"]
[BlackTeam "Union Styria Graz"]

1. e4 c5 2. Nf3 e6 3. d3 Nc6 4. g3 Nge7 5. Bg2 g6 6. c3 Bg7 7. Be3 d6 8. O-O
O-O 9. Nh4 Rb8 10. f4 f5 11. exf5 gxf5 12. Nf3 b5 13. d4 Nd5 14. Bf2 c4 15. Re1
h6 16. Nfd2 Nce7 17. a4 a6 18. axb5 axb5 19. b3 cxb3 20. Qxb3 Qc7 21. Nf1 Rf6
22. Ne3 Bb7 23. Ra7 Qb6 24. Rxb7 Qxb7 25. Nxd5 exd5 26. Na3 Kh8 27. Qxb5 Qc8
28. Qd3 Re6 29. Nc2 Rxe1+ 30. Bxe1 Rb1 31. Kf2 Rb2 32. Bd2 Qc4 33. Ke3 Qa4 34.
Ne1 Nc6 35. Nf3 Na5 36. Qxf5 Qe8+ 37. Kf2 Nc4 38. Qd3 Qe4 39. Qe2 Ra2 40. Bf1
Nxd2 41. Nxd2 Qc2 0-1

[Event "2. BUNDESLIGA MITTE 2014/2015"]
[Site "St. Veit"]
[Date "2015.02.27"]
[Round "6"]
[Board "2"]
[White "Csonka, Attila"]
[Black "Jurek, Josef"]
[Result "0-1"]
[WhiteElo "2331"]
[BlackElo "2308"]
[PlyCount "68"]
[EventDate "2014.10.03"]
[EventType "team"]
[EventRounds "11"]
[EventCountry "AUT"]
[WhiteTeam "Union Styria Graz"]
[BlackTeam "Union Hartkirchen - Sektion Schach"]

1. e4 e6 2. d4 d5 3. Nd2 Be7 4. Bd3 c5 5. dxc5 Nf6 6. Qe2 O-O 7. Ngf3 a5 8. O-O
Na6 9. e5 Nd7 10. c4 Naxc5 11. Bc2 f6 12. exf6 Bxf6 13. Rd1 b6 14. Rb1 Bb7 15.
b3 Qe8 16. a3 Kh8 17. Re1 Qh5 18. b4 axb4 19. axb4 Ra2 20. Qd1 Ne4 21. Nxe4
dxe4 22. Bxe4 Bxe4 23. Rxe4 Qf5 24. Qe1 Bc3 25. Bd2 Bxd2 26. Nxd2 Rxd2 27. Qxd2
Qxe4 28. Re1 Qf5 29. f3 Ne5 30. Re4 Ng6 31. Qe3 Nf4 32. g3 Nh3+ 33. Kg2 Ng5 34.
Re5 Qh3+ 0-1

[Event "2. BUNDESLIGA MITTE 2014/2015"]
[Site "St. Veit"]
[Date "2015.02.27"]
[Round "6"]
[Board "3"]
[White "Konrad, Edmund"]
[Black "Ruck, Tamas"]
[Result "0-1"]
[WhiteElo "2187"]
[BlackElo "2351"]
[PlyCount "88"]
[EventDate "2014.10.03"]
[EventType "team"]
[EventRounds "11"]
[EventCountry "AUT"]
[WhiteTeam "Union Hartkirchen - Sektion Schach"]
[BlackTeam "Union Styria Graz"]

1. e4 e5 2. Nf3 Nc6 3. Bb5 a6 4. Ba4 Nf6 5. O-O Be7 6. Bxc6 dxc6 7. d3 Nd7 8.
Be3 O-O 9. Qe2 c5 10. c3 Bf6 11. d4 cxd4 12. cxd4 exd4 13. Nxd4 Nc5 14. Rd1 Qe7
15. f3 g6 16. Nc3 c6 17. Qf2 Nd7 18. Rac1 Re8 19. Na4 Bg7 20. Qd2 c5 21. Ne2 c4
22. Nf4 b5 23. Nd5 Qd6 24. Nab6 Nxb6 25. Nxb6 Qxd2 26. Rxd2 Rb8 27. Nxc8 Rbxc8
28. Kf2 Rc6 29. Rdc2 Rd6 30. Re1 Rd3 31. Ree2 Red8 32. Red2 Kf8 33. Ke2 Ke7 34.
Bg5+ Bf6 35. Bxf6+ Kxf6 36. Ke1 Ke5 37. Rxd3 Rxd3 38. Ke2 Kd4 39. Rc1 a5 40. h4
b4 41. h5 g5 42. Rc2 c3 43. bxc3+ bxc3 44. g3 g4 0-1

[Event "2. BUNDESLIGA MITTE 2014/2015"]
[Site "St. Veit"]
[Date "2015.02.27"]
[Round "6"]
[Board "5"]
[White "Mayerhofer, Peter"]
[Black "Stagl, Marco"]
[Result "1/2-1/2"]
[WhiteElo "2190"]
[BlackElo "2104"]
[PlyCount "58"]
[EventDate "2014.10.03"]
[EventType "team"]
[EventRounds "11"]
[EventCountry "AUT"]
[WhiteTeam "Union Hartkirchen - Sektion Schach"]
[BlackTeam "Union Styria Graz"]

1. e4 d5 2. exd5 Qxd5 3. Nc3 Qa5 4. d4 Nf6 5. Bc4 Bg4 6. f3 Bh5 7. Nge2 Nc6 8.
Be3 O-O-O 9. Qd2 Ne5 10. Bd3 Nxd3+ 11. Qxd3 Bg6 12. Qc4 Nd5 13. Bd2 Qb4 14. Qb3
Qxb3 15. cxb3 e6 16. Nxd5 Rxd5 17. Rc1 Kb8 18. Kf2 Bd6 19. Rhd1 c6 20. Be3 Bc7
21. Nc3 Rd7 22. Na4 h6 23. b4 Rhd8 24. Rd2 Bh7 25. g3 Rd5 26. Rc5 R5d7 27. Rc1
Rd5 28. Rc5 R5d7 29. Rc1 Rd5 1/2-1/2

[Event "2. BUNDESLIGA MITTE 2014/2015"]
[Site "St. Veit"]
[Date "2015.02.27"]
[Round "6"]
[Board "6"]
[White "Schriebl, Alexander"]
[Black "Kleibel, Uwe"]
[Result "1/2-1/2"]
[WhiteElo "2109"]
[BlackElo "2210"]
[PlyCount "74"]
[EventDate "2014.10.03"]
[EventType "team"]
[EventRounds "11"]
[EventCountry "AUT"]
[WhiteTeam "Union Styria Graz"]
[BlackTeam "Union Hartkirchen - Sektion Schach"]

1. d4 Nf6 2. c4 e6 3. g3 Bb4+ 4. Bd2 Bxd2+ 5. Nxd2 d5 6. Bg2 O-O 7. Ngf3 c6 8.
O-O b6 9. Qc2 Bb7 10. e4 Na6 11. e5 Nd7 12. cxd5 cxd5 13. a3 Rc8 14. Qa4 Nab8
15. Rfc1 Bc6 16. Qd1 Bb5 17. Bf1 Bxf1 18. Qxf1 Rc6 19. Rxc6 Nxc6 20. Rc1 Ndb8
21. b4 Qd7 22. Rc3 Rc8 23. Qc1 Ne7 24. Rxc8+ Qxc8 25. Qxc8+ Nxc8 26. Kf1 a6 27.
Ke2 Nc6 28. Kd3 N8a7 29. Nb1 f6 30. Nc3 Kf7 31. exf6 gxf6 32. Ne1 a5 33. Nc2
Ke7 34. f4 Kd6 35. bxa5 Nxa5 36. Ne3 f5 37. g4 fxg4 1/2-1/2

[Event "2. BUNDESLIGA MITTE 2014/2015"]
[Site "St. Veit"]
[Date "2015.02.27"]
[Round "6"]
[Board "1"]
[White "Pilaj, Herwig"]
[Black "Horvath, Adam"]
[Result "0-1"]
[WhiteElo "2388"]
[BlackElo "2530"]
[PlyCount "74"]
[EventDate "2014.10.03"]
[EventType "team"]
[EventRounds "11"]
[EventCountry "AUT"]
[WhiteTeam "SC Die Klagenfurter"]
[BlackTeam "RbEJ Gleisdorf"]

1. c4 c5 2. Nc3 Nc6 3. g3 g6 4. Bg2 Bg7 5. e3 Bxc3 6. dxc3 d6 7. e4 f5 8. h4
Nf6 9. h5 gxh5 10. Bg5 Nxe4 11. Qxh5+ Kd7 12. Bxe4 fxe4 13. Qg4+ Kc7 14. Qxe4
Qf8 15. Ne2 Bf5 16. Qe3 Qf7 17. b3 Rhg8 18. Nf4 e6 19. Bh4 a5 20. a4 Ra6 21.
O-O-O Rb6 22. Kb2 Ne5 23. Qe2 Bg4 24. Qe4 Bf3 25. Qc2 Nxc4+ 26. Ka2 Ne5 27.
Rhe1 Bxd1 28. Qxd1 Kb8 29. c4 Ng6 30. Nxe6 Nxh4 31. gxh4 Qxf2+ 32. Re2 Qxh4 33.
Qd5 Qg4 34. Rf2 Re8 35. Nf4 Re3 36. Qf7 Qd1 37. Rb2 Rexb3 0-1

[Event "2. BUNDESLIGA MITTE 2014/2015"]
[Site "St. Veit"]
[Date "2015.02.27"]
[Round "6"]
[Board "2"]
[White "Horvath, Tamas"]
[Black "Petschar, Kurt"]
[Result "1-0"]
[WhiteElo "2354"]
[BlackElo "2271"]
[PlyCount "85"]
[EventDate "2014.10.03"]
[EventType "team"]
[EventRounds "11"]
[EventCountry "AUT"]
[WhiteTeam "RbEJ Gleisdorf"]
[BlackTeam "SC Die Klagenfurter"]

1. e4 e5 2. Nf3 Nc6 3. Bb5 a6 4. Ba4 Nf6 5. O-O Be7 6. Bxc6 dxc6 7. Nc3 Bg4 8.
h3 Bh5 9. Qe2 Nd7 10. Nd1 O-O 11. Ne3 Bc5 12. Nf5 Re8 13. d3 Nf8 14. Be3 Bd6
15. Rad1 c5 16. g4 Bg6 17. Ne1 Ne6 18. Ng2 Nd4 19. Bxd4 Bxf5 20. Be3 Be6 21. b3
b6 22. Qf3 a5 23. a4 Be7 24. Qg3 Bg5 25. f4 exf4 26. Bxf4 Bxf4 27. Nxf4 Qd6 28.
Kh2 Rad8 29. Rf2 Rd7 30. Rdf1 h6 31. Kg2 Qe5 32. h4 f6 33. Qf3 Rd6 34. Nh5 Bd7
35. Ng3 c4 36. bxc4 Bxa4 37. Nf5 Rdd8 38. Qe3 Rf8 39. g5 hxg5 40. hxg5 fxg5 41.
Qxg5 Rde8 42. Ne7+ Qxe7 43. Qd5+ 1-0